01563nam a2200301 a 450000100060000000300080000600500170001400800410003102000160007203500190008804000320010704100080013908200380014711000850018524503140027024601490058426000500073330000380078349000260082165100610084765100790090870000330098771000430102083000340106394200130109799900170111095201340112764225BD-RjUL20211209081301.0170126s1963 pk s o00| 0 eng  c: PRs. 3.50 a(BD-RjUL)64355 aDLCcDLCdDLCdBD-RjULbeng aeng a304.609549021223bMIA 1963 (DCR) aPakistan.bMinistry of Home and Kashmir Affairs (Home Affairs Division).918643210aPopulation census of Pakistan, 1961 : bDistrict census report, Mianwali. Parts I-V : General description, general tables, housing tables, population tables, and village statistics / cPakistan. Ministry of Home and Kashmir Affairs (Home Affairs Division) ; Census organization (Pakistan) ; A. Rashid, [comp.] aDistrict census report, Mianwali :bParts I-V : General description, general tables, housing tables, population tables, and village statistics.  aKarachi : bManager of publications,c[1963]. avarious pagings :bIll. ;c25 cm. acensus, 61 ;vNo. 119 aPakistan (West Pakistan)zMianwalivCensus, 19619190734 aPakistan (West Pakistan)zMianwalixPopulation vStatistics y19619190735 aRashid, A. , [comp.]9186708 aCensus organization (Pakistan)9186435 acensus, 61 ;vNo. 1199190739 2ddccRAR c64225d64225 00102ddc40718RAREaRUCLbRUCLcRared2017-02-12l0oRA 304.609549021 MIA 1963(DCR)r2017-02-12 00:00:00tC-1w2017-02-12yRAR